| 000 | 00700nam a2200169 a 4500 | ||
|---|---|---|---|
| 008 | 120416s1962 ||||||||||||||||| || u | ||
| 050 | _aDT 352 Kim | ||
| 100 | _aKimble, George H. T | ||
| 245 | 1 | 0 | _aTropical Africa vol.II |
| 246 | _asociety and policy | ||
| 250 | _aAridged ed | ||
| 260 |
_aNew York _bAnchor Books _c1962 |
||
| 300 | _a520p. | ||
| 350 | _a0.00 | ||
| 995 |
_aMAIN LIBRARY OPEN ACCESS _D0.00 _e700119 _FCBU-MAIN LIBRARY (Kitwe) _H1 _I4.95 _jDT 352 Kim _M1 _UAVAILABLE _WSep 7, 2006 _y000757 _ZMain Library Open Access Collection |
||
| 995 |
_aBINDERY (DAMAGED) _D0.00 _e700118 _FCBU-MAIN LIBRARY (Kitwe) _H1 _I0.00 _jDT 352 Kim _M2 _UDAMAGED _WApr 21, 2008 _y700118 _ZMain Library Open Access Collection |
||
| 999 |
_c81442 _d81442 |
||